000 01705cam a22003494a 4500
999 _c127005
_d127005
001 16355341
003 ARRUPE
005 20171003092534.0
008 100729s2011 enk b 001 0 eng
010 _a 2010032479
020 _a9780199790890 (hardcover : alk. paper)
020 _a0199790892 (hardcover : alk. paper)
020 _a9780199790906 (pbk. : alk. paper)
020 _a0199790906 (pbk. : alk. paper)
020 _a9780199790982 (ebook)
020 _a0199790981 (ebook)
035 _a(OCoLC)ocn656848917
040 _aDLC
_cDLC
_dYDX
_dYDXCP
_dBWX
_dMIX
_dCDX
_dDLC
050 0 0 _aB765.T54
_bD349 2011
082 0 0 _a231/.8092
_222
100 1 _aDavies, Brian,
_d1951-
_99292
245 1 0 _aThomas Aquinas on God and evil /
_cBrian Davies.
260 _aOxford [England] ;
_aNew York :
_bOxford University Press,
_cc2011.
300 _axi, 172 p. ;
_c25 cm.
504 _aIncludes bibliographical references (p. [133]-163) and index.
505 0 _aThe problem of evil -- Aquinas, philosophy, and theology -- What there is -- Goodness and badness -- God the creator -- God's perfection and goodness -- The creator and evil -- Providence and grace -- The trinity and Christ -- Aquinas on god and evil.
600 0 0 _aThomas,
_cAquinas, Saint,
_d1225?-1274.
_936636
650 0 _aGod (Christianity)
_936637
650 0 _aGood and evil
_xReligious aspects
_xChristianity.
_936638
906 _a7
_bcbc
_corignew
_d1
_eecip
_f20
_gy-gencatlg
942 _2lcc
_cMONOGRAPH